Hospodársky vývoj Švédska po vstupe do EÚ bakalárska práca

Na minha lista:
Detalhes bibliográficos
Autor principal: Csicsóová, Tímea
Autor Corporativo: Fakulta medzinárodných vzťahov EU. Katedra medzinárodných ekonomických vzťahov a hospodárskej diplomacie
Outros Autores: Baculáková, Kristína, 1988-
Formato: Livro
Idioma:eslovaco
Publicado em: Bratislava 2016
Tags: Adicionar Tag
Sem tags, seja o primeiro a adicionar uma tag!

MARC

LEADER 00000nbm a2200000 4500
001 0218177
005 20170209104117.5
041 0 |a slo 
044 |a SK 
245 1 0 |a Hospodársky vývoj Švédska po vstupe do EÚ  |b bakalárska práca  |c Tímea Csicsóová ; školiteľ: Kristína Baculáková 
264 1 |a Bratislava  |c 2016 
300 |a 64 s. 
100 1 |a Csicsóová, Tímea 
700 1 |a Baculáková, Kristína, 1988- 
710 2 |a Fakulta medzinárodných vzťahov EU. Katedra medzinárodných ekonomických vzťahov a hospodárskej diplomacie